Minding your own business (Vol I) (Record no. 8818)

000 -LEADER
fixed length control field 00386 a2200133 4500
020 ## - INTERNATIONAL STANDARD BOOK NUMBER
International Standard Book Number 0662119843
082 ## - DEWEY DECIMAL CLASSIFICATION NUMBER
Classification number 658
090 ## - LOCALLY ASSIGNED LC-TYPE CALL NUMBER (OCLC); LOCAL CALL NUMBER (RLIN)
-- 4941
-- 4941
245 ## - TITLE STATEMENT
Title Minding your own business (Vol I)
Statement of responsibility, etc. Federal Business Development Bank
260 ## - PUBLICATION, DISTRIBUTION, ETC.
Place of publication, distribution, etc. Canada :
Name of publisher, distributor, etc. Federal Business Development Bank,
Date of publication, distribution, etc. 1982.
300 ## - PHYSICAL DESCRIPTION
Extent 153 p. ;
Dimensions 20 cm.
650 ## - SUBJECT ADDED ENTRY--TOPICAL TERM
Topical term or geographic name entry element Small business --Management.
942 ## - ADDED ENTRY ELEMENTS (KOHA)
Koha item type Book
Call number prefix 658 FED
Holdings
Withdrawn status Lost status Damaged status Not for loan Collection code Permanent Location Current Location Shelving location Date acquired Total Checkouts Full call number Barcode Date last seen Price effective from Koha item type
          Central Library (CL) Central Library (CL) General Stacks 06/03/2014   658 FED SEECSD00288 11/14/2012 01/05/2017 Book
© 2023 Central Library, National University of Sciences and Technology. All Rights Reserved.